00426 a2200109 4500001001000000005001700010008004100027245014900068100002000217773006200237999001700299ART_4690320260410162031.0260409a 10aTintoreros. Tintorerías industriales, convencionales y rápidas. Rama tintorerías y lavanderías. CCT 526/2008. Acuerdo salarial 2017/20181 aGodoy, Laura M.0 tLiquidación de sueldosg- N° 145 (jun. 2018)wREV44399 c34043d34043